Co to za roślina? #21 - Statystyki

Ogólne statystyki
  • Ten quiz został rozwiązany 38 razy
  • Średni wynik to 5 z 24
Statystyki odpowiedzi
Obrazkowy Hint Odpowiedź % Poprawnych
x purpurowa Jasnota
100%
x okrągłolistna Ciemnotka
67%
x olbrzymia Stapelia
67%
x właściwy, inaczej Anyż gwiaździsty Badian
33%
(odmiana jabłoni) Idared
33%
x leśny Kielisznik
33%
x alpejska Lnica
33%
x lekarska Mącznica
33%
x wonna, inaczej Brodziec x Paczulka
33%
inaczej Topola czarna lub nadwiślańska Sokora
33%
x owłosiony Trzcinnik
33%
inaczej Werbena patagońska Witułka
33%
x perłowy Anafalis
0%
x złożona Anfelcja
0%
x piłkowana, inaczej palma y Bocznia / sabałowa
0%
x kaukaska Bukwica
0%
x błyszcząca Dipladenia
0%
x nadobna Galiardia
0%
x kilowata Gasteria
0%
x kaukaska Gęsiówka
0%
inaczej Morwa indyjska Noni
0%
x azjatycki Pełnik
0%
x dwupienny Przestęp
0%
x pospolita Smółka
0%
Nie znaleziono quizów pasujących do podanych kryteriów
Rozkład punktacji
Procent ludzi z każdym wynikiem
Percentyl według liczby udzielonych odpowiedzi
Twoja historia wyników
Nie rozwiązałeś tego quizu